Action Movies (A-Z) Quiz Stats

 Plays Quiz Updated Jan 16, 2018

Challenge
Share
Tweet
Score 0/26 Timer 07:00
4 Plays Today
% Correct
Gladiator
96.8%
Kill Bill: Volume 1
94.8%
Die Hard
94.1%
Mission: Impossible
94%
Rambo
92.9%
The Incredible Hulk
86.7%
Terminator 2: Judgment Day
86.1%
V for Vendetta
86%
Air Force One
83.8%
Lethal Weapon
82.8%
The Bourne Identity
82.2%
Predator
80%
Quantum of Solace
79.8%
% Correct
Captain America: Civil War
76.2%
Hot Fuzz
73.6%
Underworld: Evolution
73%
Enter the Dragon
71.7%
The Fugitive
68.9%
Jack Reacher
63.1%
Olympus Has Fallen
54.5%
X-Men: Days of Future Past
54%
The Negotiator
34.1%
Zathura
30.2%
Safe House
27.2%
War
16.7%
Yojimbo
15.3%

You're not logged in!

Compare scores with friends on all Sporcle quizzes.
OR
Log In

You Might Also Like...

Show Comments

Extras

Top Quizzes Today


Score Distribution

Your Account Isn't Verified!

In order to create a playlist on Sporcle, you need to verify the email address you used during registration. Go to your Sporcle Settings to finish the process.

Report this User

Report this user for behavior that violates our Community Guidelines.

Details: